Les joueurs de Ligue 1 participant à la CAN 2025/2026 - Statistiques

Statistiques générales
  • Ce quiz a été pris 77 fois
    51 depuis la dernière actualisation
  • Le résultat moyen est 26 sur 52
Statistiques - réponses
Pays Club Joueur % Correct
Maroc PSG Achraf Hakimi
91%
Gabon OM Pierre-Emerick Aubameyang
91%
Algérie Paris FC Ilan Kebbal
84%
Angola OL Clinton Mata
79%
République démocratique du Congo LOSC Chancel Mbemba
77%
Nigeria Paris FC Moses Simon
77%
Sénégal PSG Ibrahim Mbaye
74%
Sénégal OL Moussa Niakhaté
74%
Maroc OM Nayef Aguerd
74%
Sénégal AS Monaco Lamine Camara
72%
Egypte FC Nantes Mostafa Mohamed
72%
Algérie LOSC Aïssa Mandi
70%
Mali Angers SCO Ousmane Camara
70%
Algérie Angers SCO Himad Abdelli
67%
Algérie OGC Nice Hicham Boudaoui
60%
Sénégal AS Moanco Krépin Diatta
58%
Mali Lens Mamadou Sangaré
58%
Tunisie OGC Nice Ali Abdi
56%
Burkina Faso Angers SCO Hervé Koffi
56%
Mali Brest Kamory Doumbia
56%
République démocratique du Congo LOSC Ngal'ayel Mukau
56%
Côte d'Ivoire Rennes Seko Fofana
56%
Côte d'Ivoire Strasbourg Guéla Doué
53%
Côte d'Ivoire Paris FC Jean-Philippe Krasso
53%
Tunisie FC Lorient Montassar Talbi
51%
Algérie Paris FC Samir Chergui
51%
Sénégal FC Metz Habib Diallo
49%
Mali Paris FC Hamari Traoré
49%
Gabon Angers SCO Jim Allevinah
49%
Maroc Rennes Abelhamid Aït Boudlal
44%
Cameroun Toulouse FC Frank Magri
44%
Mali Havre AC Lassine Sinayoko
44%
Sénégal Strasbourg Mamadou Sarr
44%
Burkina Faso FC Lorient Arsène Kouassi
40%
République démocratique du Congo Havre AC Lionel Mpasi
40%
Sénégal Havre AC Mory Diaw
37%
Sénégal OGC Nice Yehvann Diouf
37%
Nigeria FC Nantes Chidozie Awaziem
35%
Tanzanie Havre AC Mbwana Samatta
33%
Sénégal OGC Nice Antoine Mendy
28%
Sénégal FC Metz Cheick Sabaly
28%
Cameroun AJ Auxerre Danny Namaso
28%
Mali Havre AC Fodé Doucouré
28%
Cameroun Rennes Mahamadou Nagida
28%
Bénin FC Lorient Aiyegun Tosin
26%
Gabon Angers SCO Jacques Ekomié
26%
Côte d'Ivoire FC Metz Jean-Philippe Gbamin
26%
Cameroun FC Lorient Arthur Avom
23%
Cameroun Brest Eric-Junior Dina-Ebimbe
23%
Cameroun FC Lorient Darlin Yongwa
19%
Gabon FC Metz Urie-Michel Mboula
12%
Guinée équatoriale FC Nantes Nabil Ondo
0%
Aucun quiz correspondant
Distribution des résultats
% des personnes avec chaque résultat
Percentile par nombre de réponses
Votre historique - résultats
Vous n’avez pas pris ce quiz depuis la dernière actualisation